[Event "Lloyds Bank Masters 3rd"]
[Site "London"]
[Date "1979.08.29"]
[Round "8"]
[White "Van Baarle, John"]
[Black "Westerinen, Heikki MJ"]
[Result "0-1"]
[WhiteElo "2325"]
[BlackElo "2465"]
[PlyCount "61"]
[EventDate "1979.08.22"]
[EventType "swiss"]
[EventRounds "9"]
[EventCountry "ENG"]
[SourceTitle "Big Database 2020"]
[Source "ChessBase"]
[SourceDate "1999.07.01"]
[SourceVersion "1"]
[SourceVersionDate "1999.07.01"]
[SourceQuality "1"]

1. e4 e5 2. Nf3 Nc6 3. Bb5 a6 4. Ba4 Nf6 5. O-O Be7 6. Re1 b5 7. Bb3 d6 8. c3
O-O 9. h3 Na5 10. Bc2 c5 11. d4 Qc7 12. Nbd2 cxd4 13. cxd4 Rd8 14. d5 Bd7 15.
Nf1 Rdc8 16. Bd3 Bd8 17. b3 Nb7 18. Be3 b4 19. N3d2 Bb5 20. Qe2 Qa5 21. Rec1
Rc3 22. Bc4 Rc8 23. a4 bxa3 24. Rxc3 Qxc3 25. Rxa3 Qb2 26. Rxa6 Rxc4 27. Ra8
Rc5 28. Qf3 Rc1 29. Bb6 Qxd2 30. Bxd8 Rxf1+ 31. Kh2 0-1

[Event "Lloyds Bank Masters 3rd"]
[Site "London"]
[Date "1979.08.29"]
[Round "8"]
[White "Watson, John L"]
[Black "Plaskett, H James"]
[Result "1/2-1/2"]
[WhiteElo "2375"]
[BlackElo "2410"]
[PlyCount "77"]
[EventDate "1979.08.22"]
[EventType "swiss"]
[EventRounds "9"]
[EventCountry "ENG"]
[SourceTitle "Big Database 2020"]
[Source "ChessBase"]
[SourceDate "1999.07.01"]
[SourceVersion "1"]
[SourceVersionDate "1999.07.01"]
[SourceQuality "1"]

1. c4 e6 2. Nf3 b6 3. g3 Bb7 4. Bg2 Nf6 5. O-O c5 6. b3 Be7 7. Bb2 a6 8. e3 O-O
9. Nc3 Nc6 10. Qe2 d5 11. d3 Qc7 12. Rac1 d4 13. exd4 cxd4 14. Nb5 axb5 15.
cxb5 Qd6 16. bxc6 Bxc6 17. Rxc6 Qxc6 18. Nxd4 Qd7 19. Bc6 Qa7 20. Bxa8 Qxa8 21.
Nxe6 fxe6 22. Qxe6+ Rf7 23. Rc1 Qa5 24. a4 Bf8 25. Bxf6 gxf6 26. Rc7 Qh5 27. d4
Bb4 28. Rxf7 Qxf7 29. Qxb6 Qxb3 30. Qxf6 Qxa4 31. Qg5+ Kf7 32. Qf5+ Kg7 33.
Qe5+ Kf7 34. d5 Be7 35. Kg2 Qd7 36. f4 Qd6 37. Qf5+ Kg7 38. h4 Qg6 39. Qxg6+
1/2-1/2

[Event "Lloyds Bank Masters 3rd"]
[Site "London"]
[Date "1979.08.30"]
[Round "9"]
[White "Balinas, Rosendo Carrean"]
[Black "Ginsburg, Mark"]
[Result "0-1"]
[WhiteElo "2365"]
[BlackElo "2340"]
[PlyCount "66"]
[EventDate "1979.08.22"]
[EventType "swiss"]
[EventRounds "9"]
[EventCountry "ENG"]
[SourceTitle "Big Database 2020"]
[Source "ChessBase"]
[SourceDate "1999.07.01"]
[SourceVersion "1"]
[SourceVersionDate "1999.07.01"]
[SourceQuality "1"]

1. e4 c5 2. Nf3 d6 3. d4 cxd4 4. Nxd4 Nf6 5. Nc3 Nc6 6. Bg5 Bd7 7. Qd2 Rc8 8.
O-O-O Nxd4 9. Qxd4 Qa5 10. f4 e6 11. Bxf6 gxf6 12. Qxf6 Rg8 13. Qd4 d5 14. f5
Rxc3 15. Qxc3 Qxa2 16. Re1 dxe4 17. Rxe4 Bh6+ 18. Kd1 Bc6 19. Re5 Qb1+ 20. Ke2
Bg7 21. Kd2 Bxe5 22. Qxe5 Rg5 23. Qb8+ Kd7 24. Bb5 Rxg2+ 25. Ke3 Qxh1 26. Qxb7+
Kd8 27. Qb8+ Ke7 28. Qxa7+ Kf8 29. Qc5+ Kg8 30. Qxc6 Qe1+ 31. Kd4 Qf2+ 32. Kd3
Qd2+ 33. Ke4 Rg4+ 0-1

[Event "Lloyds Bank Masters 3rd"]
[Site "London"]
[Date "1979.08.30"]
[Round "9"]
[White "Botterill, George Steven"]
[Black "Haik, Aldo"]
[Result "0-1"]
[WhiteElo "2390"]
[BlackElo "2435"]
[PlyCount "70"]
[EventDate "1979.08.22"]
[EventType "swiss"]
[EventRounds "9"]
[EventCountry "ENG"]
[SourceTitle "Big Database 2020"]
[Source "ChessBase"]
[SourceDate "1999.07.01"]
[SourceVersion "1"]
[SourceVersionDate "1999.07.01"]
[SourceQuality "1"]

1. d4 d5 2. c4 dxc4 3. Nf3 Nd7 4. Qa4 c6 5. Qxc4 Nb6 6. Qd3 Bg4 7. Ne5 Bh5 8.
Nc3 Nf6 9. e4 e6 10. Be3 Be7 11. Be2 Bxe2 12. Qxe2 Nbd7 13. Nd3 O-O 14. O-O Qa5
15. a3 Rad8 16. Rfc1 Rfe8 17. b4 Qa6 18. a4 Bf8 19. b5 Qa5 20. bxc6 bxc6 21. e5
Nd5 22. Ne4 Qa6 23. Qc2 Rb8 24. Bd2 h6 25. Rab1 Rxb1 26. Rxb1 Rb8 27. Rxb8 Nxb8
28. h3 Nd7 29. Kh2 N7b6 30. Nec5 Bxc5 31. Nxc5 Qe2 32. Nb3 Nc4 33. Kg1 Nf4 34.
Nc1 Qxd2 35. Qxc4 Qxc1+ 0-1

[Event "Lloyds Bank Masters 3rd"]
[Site "London"]
[Date "1979.08.30"]
[Round "9"]
[White "Chandler, Murray G"]
[Black "Petursson, Margeir"]
[Result "1-0"]
[WhiteElo "2380"]
[BlackElo "2420"]
[PlyCount "97"]
[EventDate "1979.08.22"]
[EventType "swiss"]
[EventRounds "9"]
[EventCountry "ENG"]
[SourceTitle "Big Database 2020"]
[Source "ChessBase"]
[SourceDate "1999.07.01"]
[SourceVersion "1"]
[SourceVersionDate "1999.07.01"]
[SourceQuality "1"]

1. e4 c5 2. c3 d5 3. exd5 Qxd5 4. d4 Nf6 5. Nf3 e6 6. Bd3 Nc6 7. O-O cxd4 8.
cxd4 Be7 9. Nc3 Qd6 10. Be3 O-O 11. Rc1 Nb4 12. Bb1 Bd7 13. Ne5 Bc6 14. Bf4 Qd8
15. a3 Nbd5 16. Nxc6 bxc6 17. Be5 Nd7 18. Nxd5 cxd5 19. Bc7 Qe8 20. Bd3 Bd8 21.
Ba6 Bxc7 22. Rxc7 Nb6 23. Qc2 Qd8 24. Qc6 Qh4 25. Rd1 Qg4 26. Qc1 Rfd8 27. h3
Qh4 28. Qc6 Qh5 29. Rc1 Qg5 30. Qc3 Qf4 31. Qe3 Qf6 32. b3 Re8 33. R7c6 Qe7 34.
a4 Red8 35. a5 Nd7 36. Qc3 e5 37. Bb7 Rab8 38. Rc7 Qg5 39. Bxd5 h6 40. Qf3 exd4
41. Qxf7+ Kh8 42. h4 Qd2 43. Qg6 Rf8 44. Rf1 Rf6 45. Qg4 Rd6 46. Rxd7 Rxd7 47.
Qxd7 Qxa5 48. Bc4 Qe5 49. Bd3 1-0

[Event "Lloyds Bank Masters 3rd"]
[Site "London"]
[Date "1979.08.30"]
[Round "9"]
[White "Davies, Nigel Rodney"]
[Black "Leow, Leslie M"]
[Result "1/2-1/2"]
[WhiteElo "2220"]
[BlackElo "2280"]
[PlyCount "141"]
[EventDate "1979.08.22"]
[EventType "swiss"]
[EventRounds "9"]
[EventCountry "ENG"]
[SourceTitle "Big Database 2020"]
[Source "ChessBase"]
[SourceDate "1999.07.01"]
[SourceVersion "1"]
[SourceVersionDate "1999.07.01"]
[SourceQuality "1"]

1. f4 c5 2. Nf3 g6 3. e4 Bg7 4. Nc3 Nc6 5. Bc4 e6 6. d3 Nge7 7. e5 d5 8. exd6
Nf5 9. Ne4 Nxd6 10. Nxd6+ Qxd6 11. O-O O-O 12. a4 b6 13. Ng5 Na5 14. Ba2 Qd4+
15. Kh1 Qxa4 16. f5 Qh4 17. f6 Bh8 18. Ne4 e5 19. Bg5 Qg4 20. Qxg4 Bxg4 21. Bh6
Rfd8 22. Rae1 Rac8 23. Ng5 c4 24. dxc4 Nxc4 25. Re4 Rd4 26. Rxd4 exd4 27. Rf4
Bf5 28. g4 Bxc2 29. Rxd4 b5 30. Bxc4 bxc4 31. Rd6 a5 32. Nf3 Be4 33. Kg2 a4 34.
Kf2 c3 35. bxc3 a3 36. Nd2 Bc2 37. Ra6 Bxf6 38. Rxa3 Bxc3 39. Nf3 Be4 40. Kg3
Bd5 41. Kf2 Bb2 42. Rd3 Be4 43. Rb3 Bg7 44. Bxg7 Kxg7 45. Kg3 h6 46. Re3 Bd5
47. Rd3 Ba2 48. Ra3 Rc2 49. Re3 Bd5 50. Rd3 Bc4 51. Re3 Bf1 52. Ne1 Ra2 53. Rf3
Be2 54. Re3 h5 55. h3 g5 56. gxh5 f5 57. Rc3 f4+ 58. Kg2 Kh6 59. Rc2 Rxc2 60.
Nxc2 Kxh5 61. Nd4 Bc4 62. Kh2 Bd5 63. Nb5 Kh4 64. Nc3 Be6 65. Ne4 Bd7 66. Nd2
Bc6 67. Nf1 f3 68. Ng3 Bd7 69. Nh1 Bxh3 70. Kg1 Bg2 71. Ng3 1/2-1/2

[Event "Lloyds Bank Masters 3rd"]
[Site "London"]
[Date "1979.08.30"]
[Round "9"]
[White "King, Daniel J"]
[Black "Kraidman, Yair"]
[Result "1/2-1/2"]
[WhiteElo "2265"]
[BlackElo "2445"]
[PlyCount "87"]
[EventDate "1979.08.22"]
[EventType "swiss"]
[EventRounds "9"]
[EventCountry "ENG"]
[SourceTitle "Big Database 2020"]
[Source "ChessBase"]
[SourceDate "1999.07.01"]
[SourceVersion "1"]
[SourceVersionDate "1999.07.01"]
[SourceQuality "1"]

1. e4 e5 2. Nf3 Nc6 3. Bb5 a6 4. Ba4 Nf6 5. O-O Be7 6. Bxc6 dxc6 7. d3 Nd7 8.
Nbd2 O-O 9. Nc4 f6 10. Nh4 Nc5 11. Qf3 Ne6 12. Nf5 Nd4 13. Nxd4 Qxd4 14. Be3
Qd7 15. Qg3 c5 16. a4 Qe8 17. f4 exf4 18. Bxf4 Be6 19. Ne3 c6 20. a5 c4 21. d4
Qf7 22. Bd6 Rad8 23. Bxe7 Qxe7 24. c3 c5 25. d5 Bd7 26. Nxc4 Qxe4 27. Nb6 Bb5
28. Rfe1 Qg6 29. Qxg6 hxg6 30. Re7 Rf7 31. Rae1 Kf8 32. R7e6 Bd3 33. Kf2 Bf5
34. R6e3 Rc7 35. c4 g5 36. Ke2 g4 37. Kd2 g6 38. g3 Rh7 39. R1e2 Bb1 40. Kc1
Bf5 41. b4 cxb4 42. Kb2 Rf7 43. Kb3 g5 44. c5 1/2-1/2

[Event "Lloyds Bank Masters 3rd"]
[Site "London"]
[Date "1979.08.30"]
[Round "9"]
[White "Littlewood, Paul E"]
[Black "Van Baarle, John"]
[Result "1-0"]
[WhiteElo "2405"]
[BlackElo "2325"]
[PlyCount "89"]
[EventDate "1979.08.22"]
[EventType "swiss"]
[EventRounds "9"]
[EventCountry "ENG"]
[SourceTitle "Big Database 2020"]
[Source "ChessBase"]
[SourceDate "1999.07.01"]
[SourceVersion "1"]
[SourceVersionDate "1999.07.01"]
[SourceQuality "1"]

1. d4 Nf6 2. c4 g6 3. Nc3 Bg7 4. e4 O-O 5. Nf3 d6 6. Be2 Nbd7 7. O-O e5 8. Be3
Ng4 9. Bg5 f6 10. Bd2 Kh8 11. b4 c6 12. Qb3 Qe7 13. dxe5 dxe5 14. Rad1 a5 15.
a3 axb4 16. axb4 Re8 17. h3 Nh6 18. Na4 Nf7 19. b5 f5 20. Bb4 c5 21. Ba3 b6 22.
Rxd7 Bxd7 23. Nxb6 fxe4 24. Nd2 Ng5 25. Nxa8 Rxa8 26. Qe3 Ne6 27. Nxe4 Rc8 28.
Bg4 Bf8 29. Rd1 Nd4 30. Bxd7 Qxd7 31. Nf6 Qf5 32. Nd5 Qc2 33. Qd3 Qa2 34. Bc1
e4 35. Qd2 Qxc4 36. Nb6 Qxb5 37. Nxc8 Qa6 38. Bb2 Bg7 39. Bxd4 cxd4 40. Ne7 Qe6
41. Nxg6+ hxg6 42. Qf4 e3 43. Qh4+ Kg8 44. fxe3 Qxe3+ 45. Kh1 1-0

[Event "Lloyds Bank Masters 3rd"]
[Site "London"]
[Date "1979.08.30"]
[Round "9"]
[White "Pein, Malcolm"]
[Black "Cuartas, Carlos Enrique"]
[Result "1/2-1/2"]
[WhiteElo "2205"]
[BlackElo "2425"]
[PlyCount "105"]
[EventDate "1979.08.22"]
[EventType "swiss"]
[EventRounds "9"]
[EventCountry "ENG"]
[SourceTitle "Big Database 2020"]
[Source "ChessBase"]
[SourceDate "1999.07.01"]
[SourceVersion "1"]
[SourceVersionDate "1999.07.01"]
[SourceQuality "1"]

1. d4 Nf6 2. c4 g6 3. Nc3 Bg7 4. e4 d6 5. Be2 O-O 6. Bg5 c5 7. dxc5 Qa5 8. Bd2
Qxc5 9. Nf3 Bg4 10. O-O Nbd7 11. b4 Qc7 12. Rc1 Rfc8 13. h3 Bxf3 14. Bxf3 Ne5
15. Be2 Qd7 16. Qb3 Qe6 17. c5 Qxb3 18. axb3 dxc5 19. bxc5 Rxc5 20. Be3 Ra5 21.
b4 Ra3 22. Bc5 e6 23. f4 Ned7 24. Bd4 Nxe4 25. Bxg7 Ng3 26. Bb5 Kxg7 27. Rf3
Nf6 28. Rxg3 Rc8 29. Bf1 a6 30. Rf3 Rb3 31. Na2 Rxf3 32. gxf3 Rd8 33. Rc7 Rd2
34. Nc3 b5 35. Ra7 Rd4 36. f5 gxf5 37. Rxa6 Rxb4 38. Nxb5 Nd5 39. Nd6 Rb1 40.
Kf2 Rb2+ 41. Ke1 Ne3 42. Bd3 Ng2+ 43. Kd1 Nf4 44. Bxf5 h5 45. Be4 Nxh3 46. Ra7
Ng5 47. f4 Nxe4 48. Nxe4 Kg6 49. Ng5 h4 50. Ra3 e5 51. Nh3 exf4 52. Nxf4+ Kf5
53. Nh3 1/2-1/2

[Event "Lloyds Bank Masters 3rd"]
[Site "London"]
[Date "1979.08.30"]
[Round "9"]
[White "Ravikumar, Vaidyanathan"]
[Black "Basman, Michael J"]
[Result "1-0"]
[WhiteElo "2305"]
[BlackElo "2405"]
[PlyCount "117"]
[EventDate "1979.08.22"]
[EventType "swiss"]
[EventRounds "9"]
[EventCountry "ENG"]
[SourceTitle "Big Database 2020"]
[Source "ChessBase"]
[SourceDate "1999.07.01"]
[SourceVersion "1"]
[SourceVersionDate "1999.07.01"]
[SourceQuality "1"]

1. c4 g5 2. Nc3 d6 3. d4 g4 4. e4 Bg7 5. Be3 Nc6 6. Nge2 h5 7. Qd2 a6 8. f4
gxf3 9. gxf3 e5 10. d5 Nce7 11. O-O-O Ng6 12. Kb1 Bd7 13. Rg1 Nf6 14. Ng3 Qc8
15. Bd3 Ne7 16. c5 h4 17. Nge2 Ng6 18. cxd6 cxd6 19. Rc1 Qd8 20. Bg5 b5 21. Nd1
Qb6 22. Be3 Qb8 23. Nf2 Nh5 24. Ng4 a5 25. Rc2 b4 26. Rgc1 b3 27. Rc7 bxa2+ 28.
Kxa2 Nhf4 29. Qc3 Qb4 30. Nxf4 Qxc3 31. bxc3 Nxf4 32. Bf1 f5 33. Nf2 Bh6 34.
Nd1 fxe4 35. fxe4 Bg4 36. Bb5+ Kf8 37. Nf2 Rc8 38. Ra7 Be2 39. Bc6 Bc4+ 40. Ka3
Rb8 41. Ng4 Bg5 42. Ka4 Rg8 43. Nxe5 Bb3+ 44. Ka3 Rg7 45. Rxg7 Kxg7 46. Nd7 Re8
47. Rg1 Kh6 48. Kxb3 Rxe4 49. Bc1 Kh5 50. Bxf4 Rxf4 51. Nb6 Rf3 52. Bd7 Kh6 53.
Nc4 a4+ 54. Bxa4 Bf4 55. Rg4 h3 56. Bd7 Bxh2 57. Rh4+ Kg5 58. Rxh3 Rf2 59. Re3
1-0

[Event "Lloyds Bank Masters 3rd"]
[Site "London"]
[Date "1979.08.30"]
[Round "9"]
[White "Sowray, Peter John"]
[Black "Iskov, Gert"]
[Result "1/2-1/2"]
[WhiteElo "2210"]
[BlackElo "2370"]
[PlyCount "117"]
[EventDate "1979.08.22"]
[EventType "swiss"]
[EventRounds "9"]
[EventCountry "ENG"]
[SourceTitle "Big Database 2020"]
[Source "ChessBase"]
[SourceDate "1999.07.01"]
[SourceVersion "1"]
[SourceVersionDate "1999.07.01"]
[SourceQuality "1"]

1. e4 c5 2. d4 cxd4 3. c3 dxc3 4. Nxc3 Nc6 5. Nf3 e6 6. Bc4 a6 7. O-O Qc7 8.
Qe2 Bd6 9. Be3 Nge7 10. Rfd1 Ng6 11. Rac1 O-O 12. a3 Qb8 13. Bb6 Bc7 14. Na4 d6
15. Qd2 Rd8 16. Qg5 Bd7 17. b4 Rc8 18. Bb3 Nce5 19. Bxc7 Rxc7 20. Nb6 Rxc1 21.
Qxc1 Ra7 22. Nxe5 Nxe5 23. Qe3 Bc6 24. h3 Nd7 25. Nc8 Ra8 26. Nxd6 Qc7 27. a4
Nf6 28. b5 axb5 29. axb5 Be8 30. e5 Nd7 31. Rc1 Qa5 32. f4 b6 33. f5 Nf8 34. f6
Ng6 35. fxg7 Bxb5 36. Nxf7 Be8 37. Bxe6 Bxf7 38. Bxf7+ Kxf7 39. Rc7+ Ne7 40.
Qf3+ Kg8 41. Rxe7 Qc5+ 42. Kh2 Qxe7 43. Qxa8+ Kxg7 44. Qd5 Qf7 45. Qd4 Qe6 46.
Kg3 b5 47. Kf4 Qc4 48. Qxc4 bxc4 49. Ke4 Kf7 50. Kd4 Ke6 51. g3 h5 52. Kxc4
Kxe5 53. Kd3 Kd5 54. Ke3 Ke5 55. Kf3 Kf5 56. Ke3 Ke5 57. g4 hxg4 58. hxg4 Kf6
59. g5+ 1/2-1/2

[Event "Lloyds Bank Masters 3rd"]
[Site "London"]
[Date "1979.08.30"]
[Round "9"]
[White "Van der Weide, Piet"]
[Black "Watson, John L"]
[Result "0-1"]
[WhiteElo "2290"]
[BlackElo "2375"]
[PlyCount "63"]
[EventDate "1979.08.22"]
[EventType "swiss"]
[EventRounds "9"]
[EventCountry "ENG"]
[SourceTitle "Big Database 2020"]
[Source "ChessBase"]
[SourceDate "1999.07.01"]
[SourceVersion "1"]
[SourceVersionDate "1999.07.01"]
[SourceQuality "1"]

1. e4 e6 2. Qe2 c5 3. Nf3 Nc6 4. g3 g6 5. Bg2 Bg7 6. d3 Nge7 7. Nbd2 d6 8. O-O
O-O 9. Re1 e5 10. c3 h6 11. a4 Be6 12. Nc4 Qd7 13. Nfd2 Rae8 14. Nf1 f5 15. f4
exf4 16. Bxf4 Nc8 17. Na3 g5 18. exf5 Bxf5 19. Be3 d5 20. Qf3 Be4 21. Qd1 Bxg2
22. Kxg2 d4 23. cxd4 Qd5+ 24. Kg1 Rxf1+ 25. Rxf1 Rxe3 26. Nc2 Bxd4 27. Nxd4
Nxd4 28. Qg4 Nd6 29. Rf6 Nf3+ 30. Kf2 Qxd3 31. Rxf3 Qe2+ 32. Kg1 0-1

[Event "Lloyds Bank Masters 3rd"]
[Site "London"]
[Date "1979.08.30"]
[Round "9"]
[White "Westerinen, Heikki MJ"]
[Black "Jansson, Borje"]
[Result "1/2-1/2"]
[WhiteElo "2465"]
[BlackElo "2410"]
[PlyCount "21"]
[EventDate "1979.08.22"]
[EventType "swiss"]
[EventRounds "9"]
[EventCountry "ENG"]
[SourceTitle "Big Database 2020"]
[Source "ChessBase"]
[SourceDate "1999.07.01"]
[SourceVersion "1"]
[SourceVersionDate "1999.07.01"]
[SourceQuality "1"]

1. e4 Nf6 2. e5 Nd5 3. d4 d6 4. Nf3 Nc6 5. c4 Nb6 6. exd6 exd6 7. h3 Be7 8. Bd3
O-O 9. O-O Nb4 10. Be2 Bf5 11. Nc3 1/2-1/2